Catálogo

EL CLIENTE ES LO PRIMERO : (Registro nro. 2583)

Detalles MARC
000 -LEADER
fixed length control field 00460nam a2200157 a 4500
001 - CONTROL NUMBER
control field 2583
005 - DATE AND TIME OF LATEST TRANSACTION
control field 20180713182545.0
008 - FIXED-LENGTH DATA ELEMENTS--GENERAL INFORMATION
fixed length control field 140415s1991 000 0 spa d
041 ## - LANGUAGE CODE
Language code of text/sound track or separate title spa
082 ## - DEWEY DECIMAL CLASSIFICATION NUMBER
Classification number 658.812
Item number WAL
100 1# - MAIN ENTRY--PERSONAL NAME
Personal name WALKER, DENIS
245 13 - TITLE STATEMENT
Title EL CLIENTE ES LO PRIMERO :
Remainder of title ESTRATEGIA PARA UN SERVICIO DE CALIDAD
260 ## - PUBLICATION, DISTRIBUTION, ETC.
Place of publication, distribution, etc. [s.l.] :
Name of publisher, distributor, etc. EDICIONES DIAZ DE SANTOS,
Date of publication, distribution, etc. 1991
300 ## - PHYSICAL DESCRIPTION
Extent 217
650 14 - SUBJECT ADDED ENTRY--TOPICAL TERM
Topical term or geographic name entry element MERCADEO
General subdivision SERVICIO AL CLIENTE
Existencias
Withdrawn status Lost status Source of classification or shelving scheme Damaged status Not for loan Collection code Home library Current library Shelving location Date acquired Source of acquisition Inventory number Total Checkouts Full call number Barcode Date last seen Price effective from Koha item type
    Dewey Decimal Classification     General Biblioteca Karol Wojtyla Biblioteca Karol Wojtyla Sala general 03/12/2013 Compra 151000000000000000029748   658.812 WAL 13424 05/01/2026 03/12/2013 Libro
    Dewey Decimal Classification     General Biblioteca Karol Wojtyla Biblioteca Karol Wojtyla Sala general 03/12/2013 Compra     658.812 WAL 28204   03/12/2013 Libro